| 000 | 00849nam a2200265Ia 4500 | ||
|---|---|---|---|
| 003 | OSt | ||
| 005 | 20220930093223.0 | ||
| 006 | a|||||r|||| 00| 0 | ||
| 007 | ta | ||
| 008 | 220926b |||||||| |||| 00| 0 eng d | ||
| 024 | _a35351 | ||
| 037 | _cTheses | ||
| 040 |
_aCRL _cCRL _beng |
||
| 041 |
_2eng _aeng |
||
| 100 |
_aSHARMA Sujata Au. _9551208 |
||
| 110 |
_aUniversity of Delhi. Faculty of Education. Education _9551209 |
||
| 245 | 0 | _aSocial Constructivism and its Role in English Language Learning. | |
| 260 | _c2015 | ||
| 300 |
_avi, 319+68p. _ap. _ccm. |
||
| 700 |
_a Dr. Geeta Sahni Gu. _9539329 |
||
| 700 |
_a Dr. Jyoti Kohli Gu. _9551210 |
||
| 700 |
_aUniversity of Delhi. Faculty of Education. Education _9551211 |
||
| 942 |
_cDIS _2CC |
||
| 999 |
_c885027 _d885027 |
||